Đánh giá hiện trạng sử dụng nước dưới đất cho cây hành tím và củ cải trắng tại thị xã Vĩnh Châu, tỉnh Sóc Trăng : Luận văn tốt nghiệp cao học ngành Khoa học Môi trường

Nội dung sách giới thiệu phương pháp luận và phương pháp nghiên cứu. Đánh giá hiện trạng sử dụng nước dưới đất cho cây hành tím và củ cải trắng tại thị xã Vĩnh Châu, tỉnh Sóc Trăng. Kết luận và kiến nghị....

ver descrição completa

Na minha lista:
Detalhes bibliográficos
Autor principal: Ngô, Hoàng Dẹn
Formato: Livro
Idioma:Undetermined
Publicado em: Cần Thơ Trường Đại học Cần Thơ 2018
Assuntos:
Tags: Adicionar Tag
Sem tags, seja o primeiro a adicionar uma tag!
Thư viện lưu trữ: Trung tâm Học liệu Trường Đại học Cần Thơ
LEADER 01272nam a2200217Ia 4500
001 CTU_227466
008 210402s9999 xx 000 0 und d
082 |a 333.9104 
082 |b D203 
100 |a Ngô, Hoàng Dẹn 
245 0 |a Đánh giá hiện trạng sử dụng nước dưới đất cho cây hành tím và củ cải trắng tại thị xã Vĩnh Châu, tỉnh Sóc Trăng : 
245 0 |b Luận văn tốt nghiệp cao học ngành Khoa học Môi trường 
245 0 |c Ngô Hoàng Dẹn ; Nguyễn Xuân Lộc (cán bộ hướng dẫn) 
260 |a Cần Thơ 
260 |b Trường Đại học Cần Thơ 
260 |c 2018 
520 |a Nội dung sách giới thiệu phương pháp luận và phương pháp nghiên cứu. Đánh giá hiện trạng sử dụng nước dưới đất cho cây hành tím và củ cải trắng tại thị xã Vĩnh Châu, tỉnh Sóc Trăng. Kết luận và kiến nghị. 
650 |a Water-supply, Agricultural,Cấp nước, Nông nghiệp 
650 |x Economic aspects,Khía cạnh kinh tế 
910 |b dqhieu 
980 |a Trung tâm Học liệu Trường Đại học Cần Thơ